| 000 | 00482nam a22001697a 4500 | ||
|---|---|---|---|
| 003 | NUST - PNEC | ||
| 005 | 20170116181137.0 | ||
| 008 | 151007b xxu||||| |||| 00| 0 eng d | ||
| 020 | _a0201563169 | ||
| 040 | _cLIBRARY | ||
| 082 | _a658.404 WEI | ||
| 100 |
_914399 _aWeiss, Joseph W. |
||
| 245 |
_a 5-phase project management : a practical planning & implementation guide _cJoseph W. Weiss, |
||
| 260 | _cc1992. | ||
| 650 |
_914401 _aProject management _xMIS |
||
| 942 |
_2ddc _cBK |
||
| 999 |
_c70304 _d70304 |
||